| 000 | 00618nam a22001937a 4500 | ||
|---|---|---|---|
| 005 | 20180803170350.0 | ||
| 008 | 170207b xxu||||| |||| 00| 0 spa d | ||
| 040 |
_aCO-BoIAVH _cCO-BoIAVH |
||
| 041 | _aspa | ||
| 090 |
_aMM- _b00364 |
||
| 245 | 0 | _aGREYLIT: Base de datos de literatura gris sobre manejo de recursos naturales en América Tropical. | |
| 246 | _aGrey Literature database on natural resour4ce management intropical america | ||
| 257 | _aColombia | ||
| 264 |
_aCali: _bCiat, _c1999 |
||
| 300 | _a1 CD- Rom | ||
| 650 |
_aBibliografĂa _992439 |
||
| 650 |
_aLiteratura gris _979111 |
||
| 942 |
_2z _cCD-ROM |
||
| 999 |
_c19296 _d19296 |
||